000 00801nas a2200277 4500
001 BR9901747
003 BR-BrBNA
005 20231205101335.0
007 ta
008 230509b bl.|||p| |||| 00| 00por d
040 _aBR-BrBNA
_bpor
_cBiblioteca Nacional de Agricultura
041 _a(Pt)
072 _aF01
100 1 _aRossetti, A.G.
100 1 _aCorrea, M.P.F.
100 1 _aPinheiro, D.M.
245 1 _aRecuperacao de pomares jovens de cajueiro anao precoce propagados por semente
650 _aCaju
650 _aPratica Cultural
650 _aSemente
650 _aMuda
650 _aPiaui
773 0 _tRevista Brasileira de Fruticultura (Brazil)
_xISSN 0100-2945
_g(1998), v. 20(2) p. 202-205
_wBR9901747
909 _a202311
_bLúcia
_c55
_dLúcia Elande
942 _2AGRIS
_n0
_cANA
999 _c161240
_d161240